000 00573nam a2200229Ia 4500
003 OSt
005 20220923230001.0
006 a|||||r|||| 00| 0
007 ta
008 Pun
024 _a276,508
037 _cTextual
040 _aARTS
_cARTS
_bPun
041 _2Pun
_aPun
082 _aO153,3N12x, H9
100 _aਸਿੰਘ, ਪਿਆਰਾ
245 0 _aਆਗ਼ਾਦੀ
260 _c1949
650 _aਪੰਜਾਬੀ ਸਾਹਿਤ
942 _hO153,3N12x, H9
_cTEXL
_2CC
999 _c381762
_d381762